000 01946cam a2200325 i 4500
003 OSt
005 20250805071830.0
008 250802t2013 su o g 000r0bara c
020 _a9786030125814
024 0 _a00000000301306
040 _aKAC
_bara
_cSA-RiAUC
_erda
082 0 4 _a811.052009
_qSA-RiAUC
092 _a920
100 1 _aفقندش، علي أحمد،
_d1957-
_eمؤلف.
245 1 0 _aأوراق من حياة الخفاجي :
_bكتاب .. ديوان .. ألبوم /
_cعلي أحمد فقندش.
250 _aالطبعة الثانية.
264 1 _aجدة، السعودية :
_bعلي أحمد فقندش،
_c[2013]
264 4 _c©2013
300 _aمجلد :
_bصور ؛
_c24 × 17 سم
336 _aنص
_btxt
_2rdacontent
_3كتاب
337 _aبدون وسيط
_bn
_2rdamedia
338 _aمجلد
_bnc
_2rdacarrier
505 0 _aالمحتويات : شكر وتقديم-تقديم عماد بن عبد الرحمن علي حجازي-استهلال وتعريف-الخفاجي شاعر السلام الملكي .. شاعر الوطن-الخفاجي والشعر الغنائي كسرا احتكار الأدباء-أول حوار معه بعد إعلان التكريم بـ"وسام الملك عبد العزيز"-تكريم واحتفاء-قالوا عنه-نصوص في زملائه-مع وديع الصافي-مع محمد السراج ...-مع علي عبد الستار-مع عمر الطيب-مع عباس إبراهيم ...-نصوص لم تغن-الخفاجي وصافا-خفاجيات ... وموضوعات أخرى.
590 _aيتوافر بالمكتبة : مجلد 2.
600 1 7 _aخفاجي، إبراهيم،
_d1345 هجري-
_2aucnm
650 7 _aالشعراء العرب
_zالسعودية
_vتراجم
_2aucsh
650 7 _aالشعر العربي الغنائي
_zالسعودية
_yقرن 14 هجري
_2aucsh
942 _2ddc
_cBOOK
_n0
949 _aSA-JeALM
_d250802
_umohamedma123
_n1
999 _c10566
_d10566